<?xml version="1.0" encoding="UTF-8"?>
<collection xmlns="http://www.loc.gov/MARC21/slim">
 <record>
  <leader>02155nam a2200217Ia 4500</leader>
  <controlfield tag="001">CTU_181443</controlfield>
  <controlfield tag="008">210402s9999    xx            000 0 und d</controlfield>
  <datafield tag="082" ind1=" " ind2=" ">
   <subfield code="a">615.6</subfield>
  </datafield>
  <datafield tag="082" ind1=" " ind2=" ">
   <subfield code="b">G264</subfield>
  </datafield>
  <datafield tag="100" ind1=" " ind2=" ">
   <subfield code="a">Gauwitz, Donna F.</subfield>
  </datafield>
  <datafield tag="245" ind1=" " ind2="0">
   <subfield code="a">Administering Medication :</subfield>
  </datafield>
  <datafield tag="245" ind1=" " ind2="0">
   <subfield code="b">Pharmacology for Health Careers</subfield>
  </datafield>
  <datafield tag="245" ind1=" " ind2="0">
   <subfield code="c">Donna F. Gauwitz</subfield>
  </datafield>
  <datafield tag="260" ind1=" " ind2=" ">
   <subfield code="a">New York</subfield>
  </datafield>
  <datafield tag="260" ind1=" " ind2=" ">
   <subfield code="b">McGraw-Hill</subfield>
  </datafield>
  <datafield tag="260" ind1=" " ind2=" ">
   <subfield code="c">2009</subfield>
  </datafield>
  <datafield tag="520" ind1=" " ind2=" ">
   <subfield code="a">Administering Medications: Pharmacology for Healthcare Professionals is designed to teach the safe administration of medications to healthcare students entering nursing, medical assisting, and other allied healthcare professions. This textbook speaks directly to students and encourages students to identify and apply the concepts learned. The organization of the chapters allows students and instructors to build a knowledge base that starts with the fundamentals of medication administration and progresses through the drugs frequently used to treat most common diseases. Most chapters are organized around a body system to help students fully understand drug actions. For easy identification, the 50 most frequently prescribed drugs are boldfaced in the Representative Drug table at the end of most chapters. The Patient Education, Healthcare for Today and Tomorrow, and Legal and Ethical Issues boxes continue to be highlighted features in this edition. The Patient Education boxes contain important information for the healthcare professional to communicate to the patient. This feature also includes cultural diversity and pediatric and geriatric implications where appropriate. The Healthcare for Today and Tomorrow boxes alert the healthcare professional to issues or problems that may be encountered today or in the future. The Legal and Ethical Issues boxes illustrate the role of the healthcare professional in actual legal and ethical situations pertinent to the content of each chapter.</subfield>
  </datafield>
  <datafield tag="650" ind1=" " ind2=" ">
   <subfield code="a">Pharmaceutical Preparations,Chế phẩm dược phẩm</subfield>
  </datafield>
  <datafield tag="650" ind1=" " ind2=" ">
   <subfield code="x">Administration &amp; dosage,Quản lý và liệu lượng</subfield>
  </datafield>
  <datafield tag="904" ind1=" " ind2=" ">
   <subfield code="i">Thy</subfield>
  </datafield>
  <datafield tag="980" ind1=" " ind2=" ">
   <subfield code="a">Trung tâm Học liệu Trường Đại học Cần Thơ</subfield>
  </datafield>
 </record>
</collection>
